| 000 | nam a22 a 4500 | ||
|---|---|---|---|
| 999 |
_c170159 _d170159 |
||
| 003 | BLK | ||
| 005 | 20220517094315.0 | ||
| 008 | 180411b bul|||||r ||||||| ||bul|| | ||
| 010 | _aKNG00178266000 | ||
| 040 | _aBLK | ||
| 041 |
_aBUL _cBUL |
||
| 080 |
_aВоенновъздушни сили. Вж и 355.3 ; 359 _b358.4 _x(092) _z358.4(092) |
||
| 080 |
_aРуска литература _b821.161.1 _x-9 _z821.161.1-9 |
||
| 100 | 1 |
_aКурзенков, Сергей Георгиевич _eпърви автор _985802 |
|
| 139 |
_aКурзенков, Сергей Г. _bК 94 |
||
| 245 | 1 | 0 |
_aПод нас земя и море _bСпомени _cСергей Георгиевич Курзенков; прев. от рус. Борис Д. Михалков. |
| 257 | _aSUN | ||
| 260 |
_bДърж. воен. изд. _c1965 _aСофия |
||
| 300 |
_a160 с. _c25 см |
||
| 380 | _a3 | ||
| 490 |
_aВоенни мемоари _9205779 |
||
| 650 | 4 |
_aВелика отечествена война - СССР - спомени _9277456 |
|
| 650 | 4 |
_aВоенновъздушни сили - СССР - история _9293451 |
|
| 653 | _aвоенновъздушни сили | ||
| 700 | 1 |
_aМихалков, Борис Д. _eпрев. от рус. _9382659 |
|
| 852 |
_aЦб 33259 _bЦб |
||
| 856 | 4 | _qpdf | |
| 856 | 4 | _qpdf | |
| 942 |
_cKNG _n0 _s1 |
||
| 944 |
_aCR _c15.07.2015 _kНаталия_Любомирова |
||
| 944 |
_aED _c15.07.2015 _kНаталия_Любомирова |
||
| 999 | _d170159 | ||